Normal view
MARC view
- Hussan, Syed Shabiha
Entry Personal Name
001 - CONTROL NUMBER
- control field: 16391
003 - CONTROL NUMBER IDENTIFIER
- control field: NUST
005 - DATE AND TIME OF LATEST TRANSACTION
- control field: 20190702102028.0
008 - FIXED-LENGTH DATA ELEMENTS
- fixed length control field: 190702|| aca||aabn | a|a d
040 ## - CATALOGING SOURCE
- Original cataloging agency: NUST
- Transcribing agency: NUST
100 ## - HEADING--PERSONAL NAME
- Personal name: Hussan, Syed Shabiha
670 ## - SOURCE DATA FOUND
- Source citation: Work cat.: (NUST): Hussan, Syed Shabiha, Urdu Mrsiah or Mrisiah Nagar /, 2004.
